Programa L y C: leer y comprender
Tallennettuna:
| Päätekijät: | , , |
|---|---|
| Muut tekijät: | , |
| Aineistotyyppi: | Kirja |
| Kieli: | espanja |
| Julkaistu: |
Santiago
Andrés Bello
1996
|
| Painos: | 2a. ed |
| Aiheet: | |
| Tagit: |
Lisää tagi
Ei tageja, Lisää ensimmäinen tagi!
|
MARC
| LEADER | 00000nam a2200000 a 4500 | ||
|---|---|---|---|
| 001 | UCP4665 | ||
| 003 | CL-VaPUC | ||
| 008 | 990806e19960000CL |||||||||||||||||spa|d | ||
| 082 | 0 | 4 | |a 372.41 |b PER |2 21 |
| 100 | |a Peronard Thierry, Marianne |e autora |9 781268 | ||
| 700 | |a Gómez Macker, Luis Adolfo |e autor |9 492261 | ||
| 700 | |a Parodi Sweis, Giovanni Emmanuel |e autor |9 783477 | ||
| 700 | 0 | |a Núñez Lagos, Paulina |e author |9 432340 | |
| 700 | |a González Muñoz, Juan Manuel |e author |9 749563 | ||
| 245 | 1 | 0 | |a Programa L y C: leer y comprender |
| 250 | |a 2a. ed | ||
| 300 | |a v | ||
| 942 | |c BK | ||
| 945 | |d 19990806 00:00:00 |a vberengu | ||
| 260 | |a Santiago |b Andrés Bello |c 1996 | ||
| 500 | |a v.1: Guía metodológica para el profesor | ||
| 650 | 0 | |a Enseñanza de la lectura |9 308364 | |
| 650 | 0 | |a Enseñanza de la escritura |9 307377 | |
| 650 | 0 | |a Educación básica |9 224933 | |
| 650 | 0 | |a Comprensión de lectura |9 307588 | |
| 583 | |a last modification |c 19990806 00:00:00 |k Rodrigo Vera | ||
| 999 | |c 282571 |d 282569 | ||
| 952 | |0 0 |1 0 |4 0 |6 372_410000000000000_PER_1996 |7 0 |8 A |9 324446 |a FDOPOS |b FDOPOS |d 2019-11-20 |h v.2 |i 3732010 |o 372.41 PER 1996 |p 3732010 |r 2025-01-22 |w 2019-11-20 |y BK |k MLA | ||
| 952 | |0 0 |1 0 |4 0 |6 372_410000000000000_PER_1996 |7 0 |8 P |9 324447 |a BIBEDU |b BIBEDU |d 2019-11-20 |i 3958523 |o 372.41 PER 1996 |p 3958523 |r 2019-11-20 |w 2019-11-20 |y BK |k LIT | ||
| 952 | |0 0 |1 0 |4 0 |6 372_410000000000000_PER_1996 |7 0 |8 P |9 324448 |a BIBEDU |b BIBEDU |d 2019-11-20 |i 395854K |o 372.41 PER 1996 |p 395854K |r 2019-11-20 |w 2019-11-20 |y BK |k LIT | ||